[Event "Lueneburg op-A"]
[Site "Lueneburg"]
[Date "2019.08.07"]
[Round "5"]
[White "Wunderlich, Matthias"]
[Black "Wozny, Michael"]
[Result "1/2-1/2"]
[WhiteElo "1792"]
[BlackElo "1942"]
[PlyCount "89"]
[EventDate "2019.08.03"]
[EventType "swiss"]
[EventRounds "9"]
[EventCountry "GER"]
[SourceTitle "CBM 191 Extra"]
[Source "ChessBase"]
[SourceDate "2019.09.30"]
[SourceVersion "1"]
[SourceVersionDate "2019.09.30"]
[SourceQuality "1"]

1. Nc3 d5 2. e4 dxe4 3. Nxe4 Nf6 4. Ng3 Nc6 5. Nf3 g6 6. Bc4 Bg7 7. 0-0 0-0 8. d4 Bg4 9. c3 e5 10. Be2 Bxf3 11. Bxf3 exd4 12. Bxc6 bxc6 13. cxd4 Nd5 14. Ne2 Qd7 15. b3 Rfe8 16. Ba3 Re4 17. Bc5 h5 18. Qc2 Re6 19. Nc3 Bf8 20. Na4 Bd6 21. Rac1 Bf4 22. Rce1 Nb6 23. Nb2 Rae8 24. Rxe6 Rxe6 25. Nd3 Bd6 26. Qd2 Rf6 27. Re1 Kg7 28. Qg5 Rf5 29. Qe3 Nd5 30. Qc1 Nf4 31. Nxf4 Rxf4 32. Bxa7 Qf5 33. Qe3 Rh4 34. h3 Bf4 35. Qc3 Bg5 36. Bc5 Bf6 37. Qe3 Qd5 38. Qg3 Qd8 39. Qe3 Bg5 40. Qe2 Bf6 41. Be7 Qxd4 42. Bxf6+ Qxf6 43. Qe5 Rd4 44. Qxc7 Rd2 45. Qa7 1/2-1/2

[Event "Lueneburg op-A"]
[Site "Lueneburg"]
[Date "2016.07.07"]
[Round "8"]
[White "Wunderlich, Matthias"]
[Black "Moenster, Madita"]
[Result "1-0"]
[WhiteElo "1746"]
[BlackElo "1846"]
[PlyCount "63"]
[EventDate "2016.07.01"]
[EventType "swiss"]
[EventRounds "9"]
[EventCountry "GER"]
[SourceTitle "CBM 173 Extra"]
[Source "ChessBase"]
[SourceDate "2016.08.29"]
[SourceVersion "1"]
[SourceVersionDate "2016.08.29"]
[SourceQuality "1"]

1. Nc3 c5 2. Nf3 Nc6 3. d4 cxd4 4. Nxd4 Nf6 5. g3 d5 6. Bg2 e5 7. Nb3 Be6 8. Bg5 d4 9. Ne4 h6 10. Nxf6+ gxf6 11. Bd2 h5 12. c3 h4 13. cxd4 Nxd4 14. Nxd4 Qxd4 15. Bc3 Qb6 16. e3 Bc5 17. Qf3 Rd8 18. Qxf6 Rh5 19. Be4 Bb4 20. 0-0 hxg3 21. hxg3 Bxc3 22. bxc3 Qc5 23. Rfd1 Rxd1+ 24. Rxd1 Qc7 25. Bxb7 Bd7 26. Bd5 Rh7 27. c4 Ba4 28. Rb1 Bd7 29. Rb7 Qd8 30. Qxe5+ Kf8 31. Qd6+ Kg8 32. Rb8 1-0

[Event "Leipzig VfB op 23rd"]
[Site "Leipzig"]
[Date "2016.03.18"]
[Round "6"]
[White "Wunderlich, Matthias"]
[Black "Stumbries, Lars"]
[Result "0-1"]
[WhiteElo "1742"]
[BlackElo "1945"]
[PlyCount "42"]
[EventDate "2016.03.15"]
[EventType "swiss"]
[EventRounds "9"]
[EventCountry "GER"]
[SourceTitle "EXT 2017"]
[Source "ChessBase"]
[SourceDate "2016.10.25"]
[SourceVersion "1"]
[SourceVersionDate "2016.10.25"]
[SourceQuality "1"]

1. Nc3 d5 2. e4 dxe4 3. Nxe4 Nf6 4. Ng3 e5 5. Nf3 Bc5 6. Bc4 e4 7. Qe2 0-0 8. Ng5 Bg4 9. f3 exf3 10. gxf3 Bh5 11. Nxh5 Nxh5 12. d3 Nc6 13. Bd2 Nd4 14. Qe4 Nf6 15. Qh4 Nxc2+ 16. Kd1 Nxa1 17. Bc3 h6 18. Nh3 Nd5 19. Qg3 Nxc3+ 20. bxc3 Qd7 21. Kd2 b5 0-1

[Event "Leipzig VfB op 23rd"]
[Site "Leipzig"]
[Date "2016.03.16"]
[Round "2"]
[White "Wunderlich, Matthias"]
[Black "Claus, Andreas"]
[Result "1/2-1/2"]
[WhiteElo "1742"]
[BlackElo "1667"]
[PlyCount "74"]
[EventDate "2016.03.15"]
[EventType "swiss"]
[EventRounds "9"]
[EventCountry "GER"]
[SourceTitle "EXT 2017"]
[Source "ChessBase"]
[SourceDate "2016.10.25"]
[SourceVersion "1"]
[SourceVersionDate "2016.10.25"]
[SourceQuality "1"]

1. Nc3 Nf6 2. e4 d6 3. d4 g6 4. Bg5 Bg7 5. e5 Nfd7 6. exd6 cxd6 7. Nf3 0-0 8. Be2 Nf6 9. 0-0 Re8 10. h3 Nbd7 11. Re1 a6 12. a4 Nf8 13. Qd2 Ne6 14. Bh6 Qc7 15. Bd3 Bd7 16. Bxg7 Nxg7 17. Qh6 Bf5 18. Ng5 e6 19. Nce4 Bxe4 20. Bxe4 d5 21. Bd3 Nf5 22. Bxf5 exf5 23. c3 Re7 24. Rxe7 Qxe7 25. Kf1 Re8 26. b4 Qe2+ 27. Kg1 Qb2 28. Rf1 Qxc3 29. Nf3 Qxb4 30. Rc1 Qf8 31. Qf4 Ne4 32. Qc7 Re7 33. Qb6 Kg7 34. Rc7 Rxc7 35. Qxc7 b5 36. axb5 axb5 37. Qc6 Nf6 1/2-1/2

[Event "Kiel op 28th"]
[Site "Kiel"]
[Date "2015.07.31"]
[Round "9"]
[White "Sommer, Stefan"]
[Black "Wunderlich, Matthias"]
[Result "1/2-1/2"]
[WhiteElo "1729"]
[BlackElo "1730"]
[PlyCount "82"]
[EventDate "2015.07.25"]
[EventType "swiss"]
[EventRounds "9"]
[EventCountry "GER"]
[SourceTitle "CBM 167 Extra"]
[Source "ChessBase"]
[SourceDate "2015.09.14"]
[SourceVersion "1"]
[SourceVersionDate "2015.09.14"]
[SourceQuality "1"]

1. e4 d6 2. d4 Nf6 3. Nc3 Nbd7 4. f4 e5 5. Nf3 exd4 6. Qxd4 Be7 7. e5 dxe5 8. fxe5 Bc5 9. Qh4 Qe7 10. Bf4 Bb4 11. Bd2 Nxe5 12. 0-0-0 Ng6 13. Qg5 0-0 14. Re1 Qc5 15. Qxc5 Bxc5 16. Bg5 Be6 17. Bxf6 gxf6 18. Ne4 Be7 19. a3 Rad8 20. Bd3 Nf4 21. Bf1 Rfe8 22. g3 Ng6 23. Bd3 Kg7 24. Nc3 c6 25. Rhf1 Bd6 26. Nd4 Be5 27. Nf5+ Bxf5 28. Bxf5 Bxc3 29. bxc3 Re5 30. g4 Ne7 31. Bd3 Re8 32. c4 Ng6 33. Rd1 Ra5 34. Kb2 Ne5 35. Be2 Ng6 36. Bd3 Rg5 37. h3 Re7 38. Bf5 Nh4 39. Bc8 Rge5 40. Rd6 Re3 41. Rd4 Ng6 1/2-1/2

[Event "Kiel op 28th"]
[Site "Kiel"]
[Date "2015.07.28"]
[Round "6"]
[White "Wunderlich, Matthias"]
[Black "Rohmann, Volker"]
[Result "1/2-1/2"]
[WhiteElo "1730"]
[BlackElo "1841"]
[PlyCount "45"]
[EventDate "2015.07.25"]
[EventType "swiss"]
[EventRounds "9"]
[EventCountry "GER"]
[SourceTitle "CBM 167 Extra"]
[Source "ChessBase"]
[SourceDate "2015.09.14"]
[SourceVersion "1"]
[SourceVersionDate "2015.09.14"]
[SourceQuality "1"]

1. Nc3 d5 2. e4 e6 3. d4 dxe4 4. Nxe4 Bd7 5. Nf3 Bc6 6. Bd3 Nd7 7. 0-0 Bxe4 8. Bxe4 c6 9. Re1 Ngf6 10. Bd3 Be7 11. c4 0-0 12. Bd2 Qc7 13. Bc3 Rfd8 14. Qe2 Re8 15. Rac1 Rad8 16. Ne5 Nxe5 17. dxe5 Nd7 18. Qh5 g6 19. Qg4 Nf8 20. Bb1 Rd7 21. Rcd1 Rxd1 22. Rxd1 Rd8 23. Rxd8 1/2-1/2

[Event "Dresden ZMD op"]
[Site "Dresden"]
[Date "2009.07.26"]
[Round "2"]
[White "Wunderlich, Matthias"]
[Black "Colpe, Malte"]
[Result "0-1"]
[WhiteElo "1807"]
[BlackElo "2171"]
[PlyCount "70"]
[EventDate "2009.07.25"]
[EventType "swiss"]
[EventRounds "9"]
[EventCountry "GER"]
[SourceTitle "CBM 131 Extra"]
[Source "ChessBase"]
[SourceDate "2009.09.03"]
[SourceVersion "2"]
[SourceVersionDate "2009.09.16"]
[SourceQuality "1"]

1. Nc3 c5 2. Nf3 d6 3. d4 cxd4 4. Nxd4 Nf6 5. g3 e5 6. Nf3 h6 7. Bg2 Be7 8. 0-0 0-0 9. h3 Nc6 10. e4 Be6 11. Be3 Qd7 12. Kh2 Rac8 13. Qd2 Na5 14. b3 b6 15. Ng1 Rfd8 16. Rac1 Qb7 17. Nd5 Bxd5 18. exd5 Qa6 19. Rfd1 b5 20. Bf1 Ne4 21. Qb4 Nc3 22. Qg4 Nxd1 23. Bxh6 Bf6 24. Rxd1 Rxc2 25. Be3 Qc8 26. Qe4 Rxa2 27. Bd3 Nxb3 28. Bb1 Ra4 29. Qd3 Nc5 30. Qxb5 Qa6 31. Qb2 Qc4 32. Nf3 e4 33. Nd4 Nd3 34. Bxd3 exd3 35. Qb3 Bxd4 0-1

[Event "Dresden ZMD op"]
[Site "Dresden"]
[Date "2008.07.19"]
[Round "1"]
[White "Mueller, Michael"]
[Black "Wunderlich, Matthias"]
[Result "1-0"]
[WhiteElo "2226"]
[BlackElo "1819"]
[PlyCount "77"]
[EventDate "2008.07.19"]
[EventType "swiss"]
[EventRounds "9"]
[EventCountry "GER"]
[SourceTitle "CBM 125 Extra"]
[Source "ChessBase"]
[SourceDate "2008.09.01"]
[SourceVersion "1"]
[SourceVersionDate "2008.09.01"]
[SourceQuality "1"]

1. d4 d5 2. Nf3 Nf6 3. Bf4 e6 4. e3 c5 5. c3 Nc6 6. Bd3 Be7 7. h3 0-0 8. Nbd2 a6 9. a4 b6 10. 0-0 Bb7 11. Bh2 Bd6 12. Ne5 Qc7 13. f4 Ne7 14. Qf3 a5 15. Rf2 Ba6 16. Bc2 cxd4 17. exd4 Nf5 18. g4 Nxd4 19. cxd4 Qxc2 20. Ndc4 Qxf2+ 21. Qxf2 dxc4 22. f5 Nd5 23. Rc1 Rac8 24. Nd7 Bxh2+ 25. Kxh2 Rfd8 26. fxe6 fxe6 27. Qe1 Nf4 28. Nxb6 Rc6 29. Qxa5 Rdd6 30. Qxa6 Rxb6 31. Qc8+ Kf7 32. Rxc4 Rxb2+ 33. Rc2 Rxc2+ 34. Qxc2 Rxd4 35. a5 Rd7 36. a6 Nd5 37. a7 Rd8 38. Qc6 Ne7 39. Qf3+ 1-0

[Event "GER KF-32 Class1 B1 email"]
[Site "GER email"]
[Date "2007.??.??"]
[Round "?"]
[White "Wunderlich, Matthias"]
[Black "Kahl, Karl Heinz"]
[Result "1-0"]
[WhiteElo "1961"]
[BlackElo "1924"]
[PlyCount "87"]
[EventDate "2007.??.??"]
[EventType "tourn (corr)"]
[EventRounds "6"]
[EventCountry "GER"]
[SourceTitle "Corr 2008"]
[Source "ChessBase"]
[SourceDate "2008.06.24"]
[SourceVersion "1"]
[SourceVersionDate "2008.06.24"]
[SourceQuality "1"]

1. Nc3 d5 2. e4 c6 3. f4 dxe4 4. Nxe4 Nd7 5. Nf3 Ngf6 6. Nf2 e6 7. b3 Nd5 8. Nd3 Bd6 9. g3 0-0 10. Bb2 Nc5 11. Qe2 Nxd3+ 12. Qxd3 f6 13. Bg2 Bc5 14. Qe2 Qa5 15. c3 Rd8 16. b4 Qb6 17. a4 Bf8 18. a5 Qc7 19. 0-0 Qf7 20. Rae1 Nc7 21. Rb1 Qh5 22. Rfe1 c5 23. b5 b6 24. c4 Rb8 25. Ra1 a6 26. axb6 Rxb6 27. Bc3 Rd7 28. Ba5 Rbd6 29. Rac1 Rf7 30. d4 cxd4 31. Nd2 Qxe2 32. Rxe2 d3 33. Rf2 Ne8 34. c5 Rd4 35. b6 Ra4 36. Nb3 Ra3 37. Rb2 f5 38. Bc6 Nf6 39. Bb4 d2 40. Nxd2 Rd3 41. Nf3 Re7 42. Ne5 Rd4 43. Bc3 Rd8 44. Ba5 1-0

[Event "Rhein Main op 08th"]
[Site "Bad Homburg"]
[Date "2005.05.30"]
[Round "7"]
[White "Wunderlich, Matthias"]
[Black "Hoffmann, Werner"]
[Result "0-1"]
[WhiteElo "1627"]
[BlackElo "1947"]
[PlyCount "104"]
[EventDate "2005.05.25"]
[EventType "swiss"]
[EventRounds "7"]
[EventCountry "GER"]
[SourceTitle "EXT 2006"]
[Source "ChessBase"]
[SourceDate "2005.11.24"]
[SourceVersion "1"]
[SourceVersionDate "2005.11.24"]
[SourceQuality "1"]

1. Nc3 e5 2. Nf3 d6 3. d4 exd4 4. Nxd4 Bd7 5. e4 Nf6 6. Bg5 Be7 7. Qd2 h6 8. Bxf6 Bxf6 9. Bc4 0-0 10. 0-0 a6 11. Rad1 Nc6 12. Nf3 Bg4 13. Be2 Be6 14. Nd5 Rb8 15. Nxf6+ Qxf6 16. Nd4 Bd7 17. c3 Qg6 18. Bd3 Ne5 19. f4 Nxd3 20. Qxd3 Kh8 21. Rf3 Rfe8 22. Re1 c5 23. Nc2 Bc6 24. Rfe3 Rbd8 25. Qe2 b5 26. Rg3 Rxe4 27. Rxg6 Rxe2 28. Rxh6+ gxh6 29. Rxe2 Kg7 30. Re7 a5 31. Kf2 a4 32. Ne3 h5 33. g3 Kf6 34. Rc7 Be4 35. a3 Ke6 36. c4 Rb8 37. Ra7 bxc4 38. Nxc4 d5 39. Ra6+ Ke7 40. Rb6 Ra8 41. Nd2 f5 42. Rb5 Kd6 43. b3 Kc6 44. bxa4 Rxa4 45. Rb3 d4 46. h3 Bd5 47. Rd3 Ra8 48. g4 fxg4 49. hxg4 hxg4 50. Kg3 Be6 51. Nf1 Kd5 52. Nh2 Ke4 0-1

[Event "Rhein Main op 08th"]
[Site "Bad Homburg"]
[Date "2005.05.25"]
[Round "1"]
[White "Wunderlich, Matthias"]
[Black "Ellrich, Jochen"]
[Result "1-0"]
[WhiteElo "1627"]
[BlackElo "2136"]
[PlyCount "83"]
[EventDate "2005.05.25"]
[EventType "swiss"]
[EventRounds "7"]
[EventCountry "GER"]
[SourceTitle "EXT 2006"]
[Source "ChessBase"]
[SourceDate "2005.11.24"]
[SourceVersion "1"]
[SourceVersionDate "2005.11.24"]
[SourceQuality "1"]

1. Nc3 e6 2. d4 d5 3. e4 Bb4 4. e5 c5 5. Bd2 Ne7 6. f4 Nf5 7. Nf3 0-0 8. a3 Ba5 9. dxc5 Bxc3 10. Bxc3 Ne3 11. Qd2 Nxf1 12. Rxf1 Nd7 13. Ba5 b6 14. cxb6 axb6 15. Bb4 Nc5 16. 0-0-0 Ba6 17. Rfe1 Qc7 18. Kb1 Rfc8 19. Nd4 Ne4 20. Qe3 Qd7 21. Ne2 Bxe2 22. Rxe2 Qb5 23. Qd3 Rc4 24. f5 Rxb4 25. axb4 Qa4 26. c3 Qa2+ 27. Kc1 Qb3 28. Qb1 Nxc3 29. bxc3 Qxc3+ 30. Rc2 Qe3+ 31. Rdd2 Qe1+ 32. Kb2 Qxe5+ 33. Rc3 d4 34. Rcd3 h6 35. fxe6 fxe6 36. Rxd4 Qg5 37. Qd3 Qe5 38. Qe4 Qb8 39. Qxe6+ Kh7 40. Qe7 Qg8 41. Qe4+ Kh8 42. Qxa8 1-0